000 00276nam a22001097a 4500
008 170124b xxu||||| |||| 00| 0 eng d
020 _a9780077344726
041 _aeng
080 _a618.2
245 _aCALCULATION AND ADMINISTRATION OF MEDICATIONS
_cBOOTH, K.A
942 _2udc
_cBK
999 _c3483
_d3483